zpět

Detail výsledku týmu

Koruna, Břeclav

Datum a čas kvízu

34 Celkem bodů Celkový počet nahraných bodů na tomto kvízu bez doplňovacích otázek.
3. Pořadí na kvízu Konečné umístění týmu na tomto kvízu.

Zaznamenané odpovědi

# Otázka Odpověď Body Výsledky
1. 43letá politička, bývalá minis... Jana Maláčová 1
2. V jednom hlavním městě na jihu... v Albánii 1
3. 38letá americká herečka a zpěv... Lady Gaga, Joker 1
4. Klienti jedné logistické spole... Zásilkovna 0
5. Čtyřčlenné mužstvo z Olomouce... C) kopání hrobů 1
6. V České republice dle zákona o... Úřad pro zahraniční styky a informace, Vojenské zpravodajství 1
7. U BIS ještě zůstaneme. Jak se... Michal Koudelka 1
8. Five Eyes je aliance zpravodaj... Kanady, Nového Zélandu 1
9. Zpravodajské služby nebo tajná... Čeka 1
10. „Seržant Nicholas Brody se nav... Homeland / Ve jménu vlasti 1